| 000 | 00471nam a22001817a 4500 | ||
|---|---|---|---|
| 008 | 140630b xxu||||| |||| 00| 0 eng d | ||
| 020 | _a9-7801-9928-443 | ||
| 082 |
_222 ed. _a346.059 WAT |
||
| 100 | _aWatt, Gary | ||
| 245 |
_aTrusts textbook / _c Gary Watt |
||
| 250 | _a2 ed. | ||
| 260 |
_aUSA : _bOxfor univ. press _c2006 |
||
| 300 |
_axxxiii, 451 P. ; _c25 cm. |
||
| 500 | _aIncludes Index | ||
| 650 | _aTrusts | ||
| 650 | _aTrusts textbook | ||
| 942 |
_2ddc _cBK |
||
| 999 |
_c5909 _d5909 |
||